| 000 | 00525nam a2200217Ia 4500 | ||
|---|---|---|---|
| 003 | 0100 | ||
| 008 | 130303s9999 xx 000 0 und d | ||
| 020 | _a800613376 | ||
| 040 | _cARRUPELIB | ||
| 050 | _aBS1198.B841978 | ||
| 100 | _aBrueggemann, Walter | ||
| 245 | 4 | _aThe prophetic imagination | |
| 260 | _aPhiladelphia | ||
| 260 | _bFortress Press | ||
| 260 | _C1978 | ||
| 300 | _a127 p. | ||
| 300 | _b 22 cm. | ||
| 650 | _bSexism in liturgical language God-Name | ||
| 700 | _aWalter Brueggemann | ||
| 942 | 0 | 0 | _014 |
| 999 |
_c11600 _d11600 |
||